000
00200 a2200097 4500
001
10511
100
_a
Waterston,A.
245
_a
Planning in Pakistan
260
_a
_b
Hopkins
_c
090
_c
8126
_d
8126
942
_a
NUST-CAE
_c
M
_c
34852
999
_c
245584
_d
245584